<?xml version="1.0" encoding="UTF-8"?>
<record
    xmlns:xsi="http://www.w3.org/2001/XMLSchema-instance"
    xsi:schemaLocation="http://www.loc.gov/MARC21/slim http://www.loc.gov/standards/marcxml/schema/MARC21slim.xsd"
    xmlns="http://www.loc.gov/MARC21/slim">

  <leader>00425nam a22001577a 4500</leader>
  <datafield tag="999" ind1=" " ind2=" ">
    <subfield code="c">11448</subfield>
    <subfield code="d">11448</subfield>
  </datafield>
  <controlfield tag="003">OSt</controlfield>
  <controlfield tag="008">220716b           ||||| |||| 00| 0 eng d</controlfield>
  <datafield tag="020" ind1=" " ind2=" ">
    <subfield code="a">9789391910860</subfield>
  </datafield>
  <datafield tag="082" ind1=" " ind2=" ">
    <subfield code="a">378.1662 MAG</subfield>
  </datafield>
  <datafield tag="100" ind1=" " ind2=" ">
    <subfield code="a">MALVIYA,Neelesh etc</subfield>
  </datafield>
  <datafield tag="245" ind1=" " ind2=" ">
    <subfield code="a">Gateway to crack GPAT &amp; Pharmacy :Competitive Entrance Exams</subfield>
  </datafield>
  <datafield tag="260" ind1=" " ind2=" ">
    <subfield code="a">Hyderabad</subfield>
    <subfield code="b">PharmaMed Press</subfield>
    <subfield code="c">2022</subfield>
  </datafield>
  <datafield tag="300" ind1=" " ind2=" ">
    <subfield code="a">MISC</subfield>
  </datafield>
  <datafield tag="650" ind1=" " ind2=" ">
    <subfield code="a">Career Guidance</subfield>
  </datafield>
  <datafield tag="942" ind1=" " ind2=" ">
    <subfield code="2">ddc</subfield>
    <subfield code="c">BK</subfield>
    <subfield code="0">1</subfield>
  </datafield>
  <datafield tag="952" ind1=" " ind2=" ">
    <subfield code="0">0</subfield>
    <subfield code="1">0</subfield>
    <subfield code="2">ddc</subfield>
    <subfield code="4">0</subfield>
    <subfield code="7">0</subfield>
    <subfield code="8">BP</subfield>
    <subfield code="a">PIET</subfield>
    <subfield code="b">PIET</subfield>
    <subfield code="d">2022-07-16</subfield>
    <subfield code="e">B.S.P Books Pvt.Ltd</subfield>
    <subfield code="f">Indian Rup</subfield>
    <subfield code="g">895.00</subfield>
    <subfield code="k">45532</subfield>
    <subfield code="l">5</subfield>
    <subfield code="o">378.1662 MAG</subfield>
    <subfield code="p">BP1834</subfield>
    <subfield code="r">2024-06-03 00:00:00</subfield>
    <subfield code="s">2024-05-24</subfield>
    <subfield code="v">626.40</subfield>
    <subfield code="w">2022-07-02</subfield>
    <subfield code="y">REF</subfield>
  </datafield>
  <datafield tag="952" ind1=" " ind2=" ">
    <subfield code="0">0</subfield>
    <subfield code="1">0</subfield>
    <subfield code="2">ddc</subfield>
    <subfield code="4">0</subfield>
    <subfield code="7">0</subfield>
    <subfield code="8">BP</subfield>
    <subfield code="a">PIET</subfield>
    <subfield code="b">PIET</subfield>
    <subfield code="d">2022-07-16</subfield>
    <subfield code="e">B.S.P Books Pvt.Ltd</subfield>
    <subfield code="f">Indian Rup</subfield>
    <subfield code="g">895.00</subfield>
    <subfield code="k">45532</subfield>
    <subfield code="l">3</subfield>
    <subfield code="o">378.1662 MAG</subfield>
    <subfield code="p">BP1835</subfield>
    <subfield code="r">2026-03-10 00:00:00</subfield>
    <subfield code="s">2026-02-06</subfield>
    <subfield code="v">626.40</subfield>
    <subfield code="w">2022-07-02</subfield>
    <subfield code="y">BK</subfield>
  </datafield>
  <datafield tag="952" ind1=" " ind2=" ">
    <subfield code="0">0</subfield>
    <subfield code="1">0</subfield>
    <subfield code="2">ddc</subfield>
    <subfield code="4">0</subfield>
    <subfield code="7">0</subfield>
    <subfield code="8">BP</subfield>
    <subfield code="a">PIET</subfield>
    <subfield code="b">PIET</subfield>
    <subfield code="d">2022-07-16</subfield>
    <subfield code="e">B.S.P Books Pvt.Ltd</subfield>
    <subfield code="f">Indian Rup</subfield>
    <subfield code="g">895.00</subfield>
    <subfield code="k">45532</subfield>
    <subfield code="l">1</subfield>
    <subfield code="o">378.1662 MAG</subfield>
    <subfield code="p">BP1836</subfield>
    <subfield code="r">2026-03-09 00:00:00</subfield>
    <subfield code="s">2026-02-20</subfield>
    <subfield code="v">626.40</subfield>
    <subfield code="w">2022-07-02</subfield>
    <subfield code="y">BK</subfield>
  </datafield>
  <datafield tag="952" ind1=" " ind2=" ">
    <subfield code="0">0</subfield>
    <subfield code="1">0</subfield>
    <subfield code="2">ddc</subfield>
    <subfield code="4">0</subfield>
    <subfield code="7">0</subfield>
    <subfield code="8">BP</subfield>
    <subfield code="a">PIET</subfield>
    <subfield code="b">PIET</subfield>
    <subfield code="d">2022-07-16</subfield>
    <subfield code="e">B.S.P Books Pvt.Ltd</subfield>
    <subfield code="f">Indian Rup</subfield>
    <subfield code="g">895.00</subfield>
    <subfield code="k">45532</subfield>
    <subfield code="l">1</subfield>
    <subfield code="o">378.1662 MAG</subfield>
    <subfield code="p">BP1837</subfield>
    <subfield code="r">2026-03-10 00:00:00</subfield>
    <subfield code="s">2026-02-25</subfield>
    <subfield code="v">626.40</subfield>
    <subfield code="w">2022-07-02</subfield>
    <subfield code="y">BK</subfield>
  </datafield>
  <datafield tag="952" ind1=" " ind2=" ">
    <subfield code="0">0</subfield>
    <subfield code="1">0</subfield>
    <subfield code="2">ddc</subfield>
    <subfield code="4">0</subfield>
    <subfield code="7">0</subfield>
    <subfield code="8">BP</subfield>
    <subfield code="a">PIET</subfield>
    <subfield code="b">PIET</subfield>
    <subfield code="d">2022-07-16</subfield>
    <subfield code="e">B.S.P Books Pvt.Ltd</subfield>
    <subfield code="f">Indian Rup</subfield>
    <subfield code="g">895.00</subfield>
    <subfield code="k">45532</subfield>
    <subfield code="l">2</subfield>
    <subfield code="o">378.1662 MAG</subfield>
    <subfield code="p">BP1838</subfield>
    <subfield code="r">2026-03-13 00:00:00</subfield>
    <subfield code="s">2026-02-16</subfield>
    <subfield code="v">626.40</subfield>
    <subfield code="w">2022-07-02</subfield>
    <subfield code="y">BK</subfield>
  </datafield>
</record>
